Юра Чулымо-Енисейской впадины; Материалы по геологии Западно-Сибирской низменности; № 1

Bibliografiske detaljer
Parent link:Материалы по геологии Западно-Сибирской низменности
№ 1.— 1960.— С. 29-39
Hovedforfatter: Лебедев И. В.
Sprog:russisk
Udgivet: 1960
Fag:
Format: MixedMaterials Book Chapter
KOHA link:https://koha.lib.tpu.ru/cgi-bin/koha/opac-detail.pl?biblionumber=591756

MARC

LEADER 00000naa0a2200000 4500
001 591756
005 20250826163234.0
035 |a (RuTPU)RU\TPU\tpu\2458 
035 |a TPU00002458 
090 |a 591756 
100 |a 20011210d1960 k||y0rusy50 ca 
101 0 |a rus 
102 |a RU 
200 1 |a Юра Чулымо-Енисейской впадины  |f И. В. Лебедев 
320 |a Библиогр.: 14 назв. 
461 1 |t Материалы по геологии Западно-Сибирской низменности 
463 1 |t № 1  |v С. 29-39  |d 1960 
610 1 |a геолого-географические науки 
610 1 |a труды учёных ТПУ 
700 1 |a Лебедев  |b И. В. 
801 0 |a RU  |b 63413507  |c 20011210  |g PSBO 
801 2 |a RU  |b 63413507  |c 20060615  |g PSBO 
942 |c CR